MARC

LEADER 00000nam0a2200000 4500
001 51708
005 20231031040511.0
035 |a (RuTPU)RU\TPU\book\54133 
090 |a 51708 
100 |a 20030507d1974 km y0rusy50 ca 
101 0 |a rus 
102 |a RU 
105 |a a z 001zy 
200 1 |a Аэродинамика и теплопередача в электрических машинах  |f А. И. Борисенко, В. Г. Данько, А. И. Яковлев 
210 |a Москва  |c Энергия  |d 1974 
215 |a 559 с.  |c ил. 
320 |a Библиогр.: с. 531-551 
320 |a Алф. указ.: с. 552-556 
610 1 |a электрические машины 
610 1 |a аэродинамика 
610 1 |a теплопередача 
610 1 |a нагревание 
610 1 |a охлаждение 
610 1 |a теплопроводность 
610 1 |a теплообмен 
610 1 |a системы охлаждения 
610 1 |a вентиляционный расчет 
610 1 |a гидравлический расчет 
610 1 |a двигатели асинхронные 
610 1 |a тепловой расчет 
610 1 |a крупные синхронные машины 
610 1 |a машины постоянного тока 
675 |a 621.313  |v 3 
700 1 |a Борисенко  |b А. И.  |g Александр Иванович 
701 1 |a Данько  |b В. Г.  |g Владимир Григорьевич 
701 1 |a Яковлев  |b А. И.  |g Александр Иванович 
801 1 |a RU  |b 63413507  |c 20030507  |g PSBO 
801 2 |a RU  |b 63413507  |c 20201026  |g PSBO 
900 |a Теплообмен в электрических машинах 
942 |c BK